100 Celebrities by Picture - Statistics

General Stats
  • This quiz has been taken 5,047 times
  • The average score is 48 of 100
Answer Stats
Picture Answer % Correct
Dwayne Johnson
70%
Michael Jackson
70%
Barack Obama
69%
Taylor Swift
69%
Ariana Grande
68%
Justin Bieber
68%
Snoop Dogg
68%
Billie Eilish
67%
Ed Sheeran
67%
Eminem
67%
Rihanna
67%
Bruno Mars
66%
Elon Musk
66%
Beyoncé Knowles
65%
Cristiano Ronaldo
64%
Harry Styles
64%
Katy Perry
64%
Leonardo DiCaprio
64%
Lionel Messi
64%
Adele
63%
Kanye West
62%
Sabrina Carpenter
62%
Selena Gomez
62%
Elvis Presley
60%
Lady Gaga
60%
Miley Cyrus
59%
Shakira
59%
Brad Pitt
58%
Emma Watson
58%
Michelle Obama
58%
Pink
58%
Cardi B
57%
Chris Hemsworth
55%
Dua Lipa
55%
Jennifer Aniston
55%
Olivia Rodrigo
55%
Britney Spears
54%
Elton John
54%
Margot Robbie
54%
Robert Downey Jr.
54%
Ryan Gosling
54%
Ryan Reynolds
54%
Tom Cruise
54%
Emma Stone
53%
Angelina Jolie
52%
Jackie Chan
52%
Mariah Carey
52%
Daniel Radcliffe
51%
Jay-Z
51%
Keanu Reeves
51%
Bob Marley
50%
Camila Cabello
49%
Jennifer Lawrence
49%
Jennifer Lopez
49%
Muhammad Ali
49%
Neil Armstrong
49%
Anne Hathaway
48%
Cher
48%
Freddie Mercury
48%
Chris Pratt
46%
Oprah Winfrey
46%
Nelson Mandela
44%
Chris Evans
43%
David Beckham
42%
Demi Lovato
41%
George Clooney
41%
John Lennon
41%
Benedict Cumberbatch
40%
Frank Sinatra
40%
Bruce Lee
39%
David Bowie
39%
Julia Roberts
39%
Paris Hilton
39%
Robin Williams
39%
Avril Lavigne
37%
50 Cent
36%
Cameron Diaz
35%
Madonna
35%
Natalie Portman
35%
Nicolas Cage
35%
Sylvester Stallone
34%
Diego Maradona
33%
Michael Jordan
32%
Alicia Keys
29%
Bruce Willis
29%
Christina Aguilera
29%
Jessica Alba
29%
Orlando Bloom
29%
Jason Statham
28%
Robert De Niro
28%
Ronald Reagan
28%
Louis Armstrong
27%
Justin Trudeau
26%
Ringo Starr
25%
Demi Moore
24%
Amy Adams
21%
Penelope Cruz
21%
Pierce Brosnan
20%
Elizabeth Taylor
17%
Luciano Pavarotti
13%
No matching quizzes found
Score Distribution
Percent of People with Each Score
Percentile by Number Answered
Your Score History
You have not taken this quiz